Marketing research (Record no. 5056)

MARC details
000 -CABECERA
campo de control de longitud fija 01606cam a2200289 i 4500
001 - NÚMERO DE CONTROL
campo de control a26777765
003 - IDENTIFICADOR DEL NÚMERO DE CONTROL
campo de control SIRSI
005 - FECHA Y HORA DE LA ÚLTIMA TRANSACCIÓN
campo de control 20251017152222.0
008 - DATOS DE LONGITUD FIJA--INFORMACIÓN GENERAL
campo de control de longitud fija 171103s2019 nyua b 001 0 eng
010 ## - NÚMERO DE CONTROL DE LA BIBLIOTECA DEL CONGRESO
Número de control de LC 2017045383
020 ## - NÚMERO INTERNACIONAL ESTÁNDAR DEL LIBRO
Número Internacional Estándar del Libro 9781292265636
035 ## - NÚMERO DE CONTROL DEL SISTEMA
Número de control de sistema (OCoLC)1010602750
040 ## - FUENTE DE LA CATALOGACIÓN
Centro catalogador/agencia de origen DLC
Lengua de catalogación eng
Normas de descripción rda
Centro/agencia transcriptor DLC
Centro/agencia modificador OCLCO
-- OCLCF
-- YDX
-- BDX
-- YDX
-- OCLCO
-- P4A
-- UKMGB
-- UtOrBLW
041 ## - CÓDIGO DE LENGUA
Código de lengua del texto/banda sonora o título independiente eng
042 ## - CÓDIGO DE AUTENTICACIÓN
Código de autenticación pcc
050 00 - SIGNATURA TOPOGRÁFICA DE LA BIBLIOTECA DEL CONGRESO
Número de clasificación HF5415.2
Número de documento/Ítem .M29 2019
100 ## - ENTRADA PRINCIPAL--NOMBRE DE PERSONA
Nombre de persona Malhotra, Naresh K.
Término indicativo de función/relación author
9 (RLIN) 26185
245 10 - MENCIÓN DE TÍTULO
Título Marketing research
Resto del título : an applied orientation
Mención de responsabilidad, etc. / Naresh K. Malhotra.
250 ## - MENCIÓN DE EDICIÓN
Mención de edición Seventh edition.
260 ## - PUBLICACIÓN, DISTRIBUCIÓN, ETC.
Lugar de publicación, distribución, etc. New York, NY :
Nombre del editor, distribuidor, etc. Pearson,
Fecha de publicación, distribución, etc. 2019.
300 ## - DESCRIPCIÓN FÍSICA
Extensión xxvi, 856 pages :
Otras características físicas illustrations (color) ;
Dimensiones 29 cm.
504 ## - NOTA DE BIBLIOGRAFÍA, ETC.
Nota de bibliografía, etc. Includes bibliographical references and index.
520 ## - SUMARIO, ETC.
Sumario, etc. For undergraduate and graduate courses in marketing research.<br/><br/>With a do-it-yourself, hands-on approach, Marketing Research: An Applied Orientation illustrates the interaction between marketing research decisions and marketing management decisions. This text uses a practical six-step framework for conducting marketing research, utilising a variety of marketing companies to highlight qualitative and quantitative research strategies. The 7th Edition provides current, contemporary, and illustrative material sensitive to user needs. And with detailed emphasis on how to run the SPSS and SAS programs, marketing research students obtain the most extensive help available on this industry.
650 #0 - PUNTO DE ACCESO ADICIONAL DE MATERIA--TÉRMINO DE MATERIA
Término de materia o nombre geográfico como elemento de entrada Marketing research
9 (RLIN) 1465
650 #0 - PUNTO DE ACCESO ADICIONAL DE MATERIA--TÉRMINO DE MATERIA
Término de materia o nombre geográfico como elemento de entrada Marketing research
Subdivisión general Methodology
9 (RLIN) 8379
942 ## - ELEMENTOS DE ENTRADA AGREGADA (KOHA)
Fuente del sistema de clasificación o colocación Clasificación de Library of Congress
Holdings
Estado de retiro Estado de pérdida Fuente del sistema de clasificación o colocación Estado dañado No para préstamo Biblioteca de origen Biblioteca actual Fecha de adquisición Total de préstamos Signatura topográfica completa Código de barras Fecha de vencimiento Fecha visto por última vez Fecha del último préstamo Número de copia Precio válido a partir de Tipo de ítem Koha
    Clasificación de Library of Congress     TBS Barcelona TBS Barcelona 17/10/2025 1 HF5415.2 MAL B07701 20/12/2025 20/11/2025 20/11/2025 1 17/10/2025 Book

Powered by Koha